01009nam a2200253 a 4500001001000000003000500010005001700015008004100032010001100073011001100084040000900095100004100104245020400145260004100349500006000390502010200450650001800552650002400570650002100594650002300615700003100638856001600669856007000685000112369CHAP20220329144300.0160307s2016 mx a |sm |||||||spa d a108830 a109802 cCHAP1 aAguilar Pérez, Fernando de Jesús10aCaracterización de la eficiencia de un calentador solar plano bajo el efecto termosifón y circulación forzadah[En línea]cpor Fernando de Jesús Aguilar Pérez y Gamaliel Cabrera Galván. aChapingo, Méx. :bEl autor,c2016. aPara ver el contenido del material haga clic en la liga aTesis (Ingeniero Mecanico Agrícola) -- UACH. Departamento de Ingeniería Mecánica Agrícola14aCalentadores.14aColectores solares.14aEnergía solar.14aRadiación solar.1 aCabrera Galván, Gamaliel a1 n0000102 aFinding aiduhttp://10.13.5.2/tesis/sist112369.pdfzTeclea aquí